- Unidentified flying objects
Entry Topical Term
001 - CONTROL NUMBER
- control field: 89317
003 - CONTROL NUMBER IDENTIFIER
- control field: TR-AnTOB
005 - DATE AND TIME OF LATEST TRANSACTION
- control field: 20231201161555.0
008 - FIXED-LENGTH DATA ELEMENTS
- fixed length control field: 020404|| azannbabn |b ana
010 ## - LIBRARY OF CONGRESS CONTROL NUMBER
- LC control number: sh 85139676
035 ## - SYSTEM CONTROL NUMBER
- System control number: (TR-AnTOB)89317
040 ## - CATALOGING SOURCE
- Original cataloging agency: DLC
- Language of cataloging: eng
- Transcribing agency: DLC
- Modifying agency: DLC
- Modifying agency: TR-AnTOB
053 #0 - LC CLASSIFICATION NUMBER
- Classification number element--single number or beginning number of span: TL789
- Classification number element--ending number of span: TL789.6
150 ## - HEADING--TOPICAL TERM
- Topical term or geographic name entry element: Unidentified flying objects
450 ## - SEE FROM TRACING--TOPICAL TERM
- Topical term or geographic name entry element: Flying saucers
- Control subfield: nne
450 ## - SEE FROM TRACING--TOPICAL TERM
- Topical term or geographic name entry element: Saucers, Flying
450 ## - SEE FROM TRACING--TOPICAL TERM
- Topical term or geographic name entry element: UFO phenomena
450 ## - SEE FROM TRACING--TOPICAL TERM
- Topical term or geographic name entry element: UFOlogy
450 ## - SEE FROM TRACING--TOPICAL TERM
- Topical term or geographic name entry element: UFOs
450 ## - SEE FROM TRACING--TOPICAL TERM
- Topical term or geographic name entry element: Tanımlanamayan uçan nesneler
550 ## - SEE ALSO FROM TRACING--TOPICAL TERM
- Topical term or geographic name entry element: Aeronautics
- Control subfield: g
550 ## - SEE ALSO FROM TRACING--TOPICAL TERM
- Topical term or geographic name entry element: Astronautics
- Control subfield: g
550 ## - SEE ALSO FROM TRACING--TOPICAL TERM
- Topical term or geographic name entry element: Curiosities and wonders
- Control subfield: g
670 ## - SOURCE DATA FOUND
- Source citation: Ritchie, D. UFO, 1994:
- Information found: p. 67 (UFO phenomena)
670 ## - SOURCE DATA FOUND
- Source citation: LC database, Feb. 28, 1996
- Information found: (titles: ufology)
688 ## - APPLICATION HISTORY NOTE
- Institution to which field applies: TR-AnTOB
- Application history note: Op 01.12.2023
750 ## - ESTABLISHED HEADING LINKING ENTRY--TOPICAL TERM
- Authority record control number or standard number: https://lccn.loc.gov/sh85139676
- Source of heading or term: lcsh
750 ## - ESTABLISHED HEADING LINKING ENTRY--TOPICAL TERM
- Authority record control number or standard number: (TR-AnTOB)89312
- Source of heading or term: etuturkob



